[Event "Bohumin op-B 6th"]
[Site "Bohumin"]
[Date "2023.07.04"]
[Round "4"]
[White "Doniec, Mateusz"]
[Black "Szmek, Milan"]
[Result "1-0"]
[WhiteElo "1460"]
[BlackElo "1715"]
[PlyCount "69"]
[EventDate "2023.07.01"]
[EventType "swiss"]
[EventRounds "9"]
[EventCountry "CZE"]
[SourceTitle "EXT 2024"]
[Source "ChessBase"]
[SourceDate "2023.10.10"]
[SourceVersion "1"]
[SourceVersionDate "2023.10.10"]
[SourceQuality "1"]

1. e4 e5 2. Nf3 Nc6 3. c3 Nf6 4. d4 d6 5. h3 Be7 6. Bb5 Bd7 7. 0-0 0-0 8. Re1 h6 9. Nbd2 exd4 10. cxd4 Re8 11. Nf1 Bf8 12. Ng3 g6 13. Bc4 Bg7 14. Qc2 Ne7 15. Qb3 Rf8 16. e5 Nh7 17. e6 Be8 18. Qxb7 d5 19. exf7+ Bxf7 20. Bd3 Qd6 21. Ne5 Rfb8 22. Qa6 Rb6 23. Qa4 Rb4 24. Qc2 Rxd4 25. Nxf7 Kxf7 26. Be3 Rxd3 27. Qxd3 Bxb2 28. Rab1 Bg7 29. Bd2 Nf6 30. Qf3 Rf8 31. Bf4 Qd8 32. Rb7 Kg8 33. Qe3 Ne4 34. Nxe4 Nf5 35. Qb3 1-0

[Event "Bohumin op 2nd"]
[Site "Bohumin"]
[Date "2019.06.24"]
[Round "3"]
[White "Bialik, Nikodem"]
[Black "Szmek, Milan"]
[Result "0-1"]
[WhiteElo "1425"]
[BlackElo "1834"]
[PlyCount "42"]
[EventDate "2019.06.22"]
[EventType "swiss"]
[EventRounds "9"]
[EventCountry "CZE"]
[SourceTitle "CBM 191 Extra"]
[Source "ChessBase"]
[SourceDate "2019.09.30"]
[SourceVersion "1"]
[SourceVersionDate "2019.09.30"]
[SourceQuality "1"]

1. e4 e5 2. Nf3 Nc6 3. d4 exd4 4. Nxd4 Nf6 5. Nxc6 bxc6 6. Bd3 d5 7. exd5 cxd5 8. 0-0 Bd6 9. Re1+ Be6 10. Bf5 0-0 11. Bxe6 fxe6 12. Bg5 Qd7 13. Nd2 c6 14. Qe2 e5 15. f3 Qf5 16. Bxf6 Rxf6 17. Qd3 e4 18. fxe4 Qf2+ 19. Kh1 Bxh2 20. Re3 Bf4 21. Rf1 Qxe3 0-1

[Event "Orlova op-A 12th"]
[Site "Orlova"]
[Date "2015.05.27"]
[Round "4"]
[White "Szmek, Milan"]
[Black "Neumann, Filip"]
[Result "1-0"]
[WhiteElo "1873"]
[BlackElo "1498"]
[PlyCount "51"]
[EventDate "2015.05.24"]
[EventType "swiss"]
[EventRounds "9"]
[EventCountry "CZE"]
[SourceTitle "CBM 166 Extra"]
[Source "ChessBase"]
[SourceDate "2015.06.18"]
[SourceVersion "1"]
[SourceVersionDate "2015.06.18"]
[SourceQuality "1"]

1. e4 e6 2. d4 d5 3. e5 c5 4. Qg4 cxd4 5. Nf3 Nc6 6. Bd3 f5 7. Qg3 g6 8. 0-0 Bg7 9. Re1 Nge7 10. Bg5 Qc7 11. Nbd2 Bd7 12. Nb3 Rc8 13. Nbxd4 Nxd4 14. Nxd4 a6 15. Rac1 Nc6 16. Nf3 0-0 17. h4 Nb4 18. h5 Nxd3 19. cxd3 Qb6 20. hxg6 hxg6 21. Rxc8 Rxc8 22. Bf6 Bxf6 23. exf6 Be8 24. Ne5 Qd6 25. Qg5 Kh7 26. f7 1-0

[Event "Ostrava Konik op-B"]
[Site "Ostrava"]
[Date "2011.05.08"]
[Round "9"]
[White "Szmek, Milan"]
[Black "Chrostek, Lukas"]
[Result "1-0"]
[WhiteElo "1885"]
[BlackElo "1742"]
[PlyCount "50"]
[EventDate "2011.04.30"]
[EventType "swiss"]
[EventRounds "9"]
[EventCountry "CZE"]
[SourceTitle "CBM 142 Extra"]
[Source "ChessBase"]
[SourceDate "2011.06.27"]
[SourceVersion "1"]
[SourceVersionDate "2011.06.27"]
[SourceQuality "1"]

1. e4 e5 2. Nf3 Nc6 3. Bb5 a6 4. Ba4 b5 5. Bb3 Bc5 6. 0-0 d6 7. c3 Nf6 8. d4 exd4 9. cxd4 Bb6 10. Nc3 Bg4 11. Be3 0-0 12. Rc1 Bxf3 13. gxf3 Qd7 14. Kh1 Ne7 15. Rg1 Ng6 16. Bc2 Nh5 17. Nd5 Ba5 18. f4 Qh3 19. Rg5 Nf6 20. Nxf6+ gxf6 21. Rg3 Qd7 22. f5 Rfe8 23. fxg6 fxg6 24. Qg4 Qe7 25. h4 Kh8 1-0

[Event "Ostrava Konik op-B"]
[Site "Ostrava"]
[Date "2011.05.02"]
[Round "3"]
[White "Szmek, Milan"]
[Black "Sovadina, Jiri"]
[Result "0-1"]
[WhiteElo "1885"]
[BlackElo "1994"]
[PlyCount "70"]
[EventDate "2011.04.30"]
[EventType "swiss"]
[EventRounds "9"]
[EventCountry "CZE"]
[SourceTitle "CBM 142 Extra"]
[Source "ChessBase"]
[SourceDate "2011.06.27"]
[SourceVersion "1"]
[SourceVersionDate "2011.06.27"]
[SourceQuality "1"]

1. e4 e5 2. Nf3 Nc6 3. Bb5 a6 4. Ba4 Nf6 5. d4 exd4 6. 0-0 Be7 7. Re1 0-0 8. e5 Nd5 9. c3 Nb6 10. Bc2 dxc3 11. Qd3 g6 12. bxc3 d6 13. Bh6 Re8 14. Qe3 Nc4 15. Qf4 N4xe5 16. Nbd2 Be6 17. Nb3 Nxf3+ 18. gxf3 Bf6 19. Re3 Bg7 20. Rae1 Qf6 21. Qxf6 Bxf6 22. f4 Bd7 23. Be4 Bg7 24. Bg5 Kf8 25. Rd1 Be6 26. Rde1 Rab8 27. Nd4 Nxd4 28. cxd4 Bxd4 29. Bh6+ Ke7 30. R3e2 Kd7 31. Bd3 Bxa2 32. f5 Bd5 33. fxg6 hxg6 34. Bg5 Rxe2 35. Rxe2 Re8 0-1

[Event "Ostrava op"]
[Site "Ostrava"]
[Date "2010.05.08"]
[Round "8"]
[White "Sipl, Frantisek"]
[Black "Szmek, Milan"]
[Result "1-0"]
[WhiteElo "1895"]
[BlackElo "1815"]
[PlyCount "89"]
[EventDate "2010.05.01"]
[EventType "swiss"]
[EventRounds "9"]
[EventCountry "CZE"]
[SourceTitle "EXT 2011"]
[Source "ChessBase"]
[SourceDate "2010.11.26"]
[SourceVersion "1"]
[SourceVersionDate "2010.11.26"]
[SourceQuality "1"]

1. d4 Nf6 2. c4 g6 3. Nc3 Bg7 4. Bg5 d6 5. Nf3 Nbd7 6. e4 c5 7. Be2 0-0 8. d5 a6 9. 0-0 h6 10. Bf4 Qb6 11. Qc2 Ng4 12. h3 Nge5 13. Nxe5 Nxe5 14. Be3 Nd7 15. Rab1 Qc7 16. Qd2 Kh7 17. f4 b6 18. Rf2 Nf6 19. Rbf1 Ng8 20. g4 e6 21. Rh2 f5 22. Bd3 Ne7 23. Rff2 exd5 24. cxd5 b5 25. Rfg2 b4 26. Ne2 Bd7 27. Bb1 Rae8 28. e5 Nxd5 29. Qxd5 Bc6 30. Qd2 Bxg2 31. Rxg2 dxe5 32. gxf5 gxf5 33. Ng3 e4 34. Qc2 c4 35. Rd2 Rd8 36. Rxd8 Qxd8 37. Nxf5 Qd3 38. Qc1 Qd7 39. Bxe4 Rxf5 40. Qc2 Kg6 41. Qxc4 Kh5 42. Qe2+ Kg6 43. Qg4+ Kf6 44. Bxf5 Qxf5 45. Bd4+ 1-0

[Event "Ostrava op"]
[Site "Ostrava"]
[Date "2010.05.05"]
[Round "5"]
[White "Tatarcik, Vladimir"]
[Black "Szmek, Milan"]
[Result "0-1"]
[WhiteElo "1905"]
[BlackElo "1815"]
[PlyCount "44"]
[EventDate "2010.05.01"]
[EventType "swiss"]
[EventRounds "9"]
[EventCountry "CZE"]
[SourceTitle "EXT 2011"]
[Source "ChessBase"]
[SourceDate "2010.11.26"]
[SourceVersion "1"]
[SourceVersionDate "2010.11.26"]
[SourceQuality "1"]

1. b4 e5 2. Bb2 Bxb4 3. Bxe5 Nf6 4. c4 0-0 5. Nc3 Nc6 6. Bxf6 Qxf6 7. Nd5 Qd8 8. Nxb4 Nxb4 9. a3 Nc6 10. d4 d5 11. e3 Re8 12. Nf3 Bg4 13. c5 Qf6 14. Be2 Bxf3 15. gxf3 Re7 16. Qd3 Rae8 17. Ra2 Qh4 18. Kf1 Qh3+ 19. Kg1 Re6 20. Bf1 Qxf3 21. Bg2 Rg6 22. Qf1 Ree6 0-1

[Event "Ostrava op"]
[Site "Ostrava"]
[Date "2010.05.03"]
[Round "3"]
[White "Stukner, Simon"]
[Black "Szmek, Milan"]
[Result "1/2-1/2"]
[WhiteElo "2185"]
[BlackElo "1815"]
[PlyCount "51"]
[EventDate "2010.05.01"]
[EventType "swiss"]
[EventRounds "9"]
[EventCountry "CZE"]
[SourceTitle "EXT 2011"]
[Source "ChessBase"]
[SourceDate "2010.11.26"]
[SourceVersion "1"]
[SourceVersionDate "2010.11.26"]
[SourceQuality "1"]

1. e4 e5 2. Nf3 Nc6 3. Bc4 Nf6 4. 0-0 Nxe4 5. d4 d5 6. Bb5 exd4 7. Nxd4 Bd7 8. c4 Bc5 9. Be3 0-0 10. Nc3 Nxd4 11. Nxe4 dxe4 12. Bxd4 Bxd4 13. Qxd4 Bxb5 14. Qxd8 Raxd8 15. cxb5 Rd2 16. b3 Rfd8 17. Rfe1 f5 18. Kf1 Kf7 19. Re2 Rd1+ 20. Re1 R1d2 21. Re2 Ke6 22. Ke1 Rxe2+ 23. Kxe2 Rd5 24. f4 Rd3 25. b4 Rd4 26. Rb1 1/2-1/2

[Event "Orlova op 6th"]
[Site "Orlova"]
[Date "2009.05.25"]
[Round "4"]
[White "Didi, Jan"]
[Black "Szmek, Milan"]
[Result "1-0"]
[WhiteElo "2031"]
[BlackElo "1774"]
[PlyCount "55"]
[EventDate "2009.05.23"]
[EventType "swiss"]
[EventRounds "9"]
[EventCountry "CZE"]
[SourceTitle "EXT 2012"]
[Source "ChessBase"]
[SourceDate "2011.11.24"]
[SourceVersion "1"]
[SourceVersionDate "2011.11.24"]
[SourceQuality "1"]

1. e4 e5 2. Nf3 Nc6 3. Bb5 Bc5 4. 0-0 Nf6 5. c3 0-0 6. d4 Bb6 7. Bg5 h6 8. Bh4 d6 9. Bxc6 bxc6 10. dxe5 dxe5 11. Qa4 Bb7 12. Nxe5 Re8 13. Ng4 Qd3 14. Nxf6+ gxf6 15. Re1 Re6 16. Na3 Rae8 17. Qc2 Qxc2 18. Nxc2 Rxe4 19. Bxf6 Re2 20. Rxe2 Rxe2 21. Nd4 Rxb2 22. h4 a5 23. h5 c5 24. Re1 Kf8 25. Nf5 Bc6 26. Nxh6 c4 27. Nf5 Kg8 28. Re7 1-0